Apuntes de historia de México : México independiente /

Պահպանված է:
Մատենագիտական մանրամասներ
Ձևաչափ: Գիրք
Լեզու:իսպաներեն
Շարք:(Instituto de Ciencias)
Խորագրեր:
Ցուցիչներ: Ավելացրեք ցուցիչ
Չկան պիտակներ, Եղեք առաջինը, ով նշում է այս գրառումը!

MARC

LEADER 00000nam^a2200000^a^4500
001 000128113
005 20250521000000.0
009 20260310094826.934
037 |a Acervo ITESO - Biblioteca 
041 |a ESP 
082 |a 972.  |b APU 
245 0 0 |a Apuntes de historia de México :  |b México independiente / 
264 |a Guadalajara, México :  |b Instituto de Ciencias,  |c 1969 
300 |a 73 p. 
336 |a texto  |b txt  |2 rdacontenido 
337 |a sin mediación  |b n  |2 rdamedio 
338 |a volumen  |b nc  |2 rdasoporte 
440 1 |a (Instituto de Ciencias) 
649 |a XX 
650 |a Política -  |z México -  |x Historia 
650 |a Iglesia y Estado -  |z México -  |x Historia 
650 |a Política Exterior -  |z México -  |x Historia 
650 |a México -  |x Historia 
910 |a Fondo Salvador Reynoso Reynoso 
920 |a Impresos - Libros 
930 |a Fondos Especiales 
905 |a 112 
901 |a 0800010058  |b IT2  |c ESP  |u 20250521 
902 |a https://opac.biblio.iteso.mx/vufind/Record/000128113